Regulating for gender equality: policy framework to support the universal caregiver vision/
Uloženo v:
| Hlavní autor: | |
|---|---|
| Médium: | Kniha |
| Jazyk: | English |
| Tagy: |
Přidat tag
Žádné tagy, Buďte první, kdo vytvoří štítek k tomuto záznamu!
|
MARC
| LEADER | 00000nam a22000007a 4500 | ||
|---|---|---|---|
| 003 | cru CIDCACS/IIS | ||
| 005 | 20180119153611.0 | ||
| 007 | ta | ||
| 008 | 180118s2015 -uk|||p|r||||||0| ||eng | | ||
| 999 | |c 40837 |d 40837 | ||
| 040 | |c cru CIDCACS/IIS | ||
| 100 | 1 | |9 6408 |a Rubery, Jill | |
| 245 | 1 | |a Regulating for gender equality: |b policy framework to support the universal caregiver vision/ |c Jill Rubery | |
| 300 | |a páginas 513-538 | ||
| 773 | 0 | |0 40836 |9 1744 |d Reino Unido : Oxford University Press |o 18367 |t Social Politics: |x 10724745 | |
| 942 | |2 ddc |c PP | ||
